• 首页
  • 本馆介绍
  • 公告通知
  • 最新文献
  • 馆藏检索
  • 电子资源
  • 读者荐购
  • 参考咨询
  • CALIS
  • 我的图书馆
  • 登录
  • 详细信息显示
  • 放入我的书架
  • 预约/预借图书
  • 作者相关作品
  • 分类相关作品
  • 丛书相关作品
  • 出版社相关作品

书目信息

  • 表格格式
  • 工作单格式
  • 卡片格式
题名:
大学生职业生涯规划
    
 
作者: 王友明 主编
分册:  
出版信息: 上海   同济大学出版社  2009.03
页数: 192页
开本: 26cm
丛书名: 高等职业教育规划教材公共课系列
单 册:
中图分类: G647.38
科图分类:
主题词: 大学生--da xue sheng--职业选择--高等教育--教材
电子资源:
ISBN: 978-7-5608-3947-9
 
 
 
 
 
000 01111nam 2200277 450
001 012009463905
005 20090917113201.07
010    @a978-7-5608-3947-9@dCNY25.00
100    @a20090917d2009 em y0chiy0120 ea
101 0  @achi
102    @aCN@b310000
105    @aak a 000yy
106    @ar
200 1  @a大学生职业生涯规划@Ada xue sheng zhi ye sheng ya gui hua@e舞动职场 扬帆远航@f王友明主编@Fwang you ming zhu bian
210    @a上海@c同济大学出版社@d2009.03
215    @a192页@d26cm
225 2  @a高等职业教育规划教材公共课系列@Agao deng zhi ye jiao yu gui hua jiao cai gong gong ke xi lie
320    @a有书目 (第192页)
330    @a全书内容共分为八章:大学生职业生涯规划、自我剖析定位、大学生活规划、专业学习规划、就业选择规划、自主创业规划、职业能力塑造、社会实践应用。
410  0 @12001 @a高等职业教育规划教材公共课系列
517 1  @a舞动职场 扬帆远航@Awu dong zhi chang yang fan yuan hang
606 0  @a大学生@Ada xue sheng@x职业选择@x高等教育@j教材
690    @aG647.38@v4
701  0 @a王友明@Awang you ming@4主编
801  0 @aCN@bQSSK@c20090917
905    @b753725-27@dG647.38@eW434@f3
    
    大学生职业生涯规划:舞动职场 扬帆远航/王友明主编.-上海:同济大学出版社,2009.03
    192页;26cm.-(高等职业教育规划教材公共课系列)
    
    
    ISBN 978-7-5608-3947-9:CNY25.00
    全书内容共分为八章:大学生职业生涯规划、自我剖析定位、大学生活规划、专业学习规划、就业选择规划、自主创业规划、职业能力塑造、社会实践应用。
●
相关链接 在E读中查询图书 在当当中查询图书 在豆瓣中查询图书


正题名:大学生职业生涯规划     索取号:G647.38/W434         预约/预借

序号 登录号 条形码 馆藏地/架位号 状态 备注
1 753725   207537254   社科库409/409社科库 14排1列2层/ [索取号:G647.38/W434] 在馆    
2 753726   207537263   社科库409/409社科库 14排1列2层/ [索取号:G647.38/W434] 在馆    
3 753727   207537272   社科库409/409社科库 14排1列2层/ [索取号:G647.38/W434] 在馆    
河南城建学院图书馆 欢迎您!
大连网信软件有限公司© 版权所有